[Event "CZE-chT2E 1213"]
[Site "Czech Republic"]
[Date "2013.03.03"]
[Round "10.7"]
[White "Stanek, Stanislav"]
[Black "Mizak, Jan"]
[Result "1-0"]
[WhiteElo "2011"]
[BlackElo "2047"]
[PlyCount "103"]
[EventDate "2012.10.14"]
[EventType "team-tourn"]
[EventRounds "11"]
[EventCountry "CZE"]
[SourceTitle "EXT 2016"]
[Source "ChessBase"]
[SourceDate "2015.10.08"]
[SourceVersion "1"]
[SourceVersionDate "2015.10.08"]
[SourceQuality "1"]
[WhiteTeam "Brno Moravska Slavia"]
[BlackTeam "Adamov"]
[WhiteTeamCountry "CZE"]
[BlackTeamCountry "CZE"]

1. Nc3 Nf6 2. e4 d6 3. d4 e6 4. Be3 Be7 5. f3 0-0 6. g4 c5 7. dxc5 dxc5 8. Qxd8 Rxd8 9. g5 Nh5 10. f4 g6 11. Be2 Ng7 12. Bf3 Nc6 13. Nge2 Nd4 14. Bxd4 cxd4 15. Nb5 d3 16. cxd3 Rxd3 17. Rf1 Bd7 18. Nbc3 Bc6 19. Rd1 Rad8 20. Nc1 Rxd1+ 21. Bxd1 Bb4 22. Bf3 Rd4 23. N1e2 Bxc3+ 24. Nxc3 b5 25. Ne2 Rd7 26. Ng3 Ne8 27. Rf2 Nd6 28. Rd2 Nc4 29. Rxd7 Bxd7 30. b3 Nb6 31. e5 h5 32. Kd2 Kf8 33. Kc3 Nd5+ 34. Bxd5 exd5 35. Kd4 Be6 36. Kc5 a6 37. Ne2 Ke7 38. Nc3 d4 39. Kxd4 Bc8 40. Ne4 Bf5 41. Nd6 Bb1 42. a3 Ba2 43. b4 Kd7 44. Kc5 Kc7 45. f5 gxf5 46. Nxf5 Bb3 47. h4 Bc2 48. Ng7 Bg6 49. e6 fxe6 50. Nxe6+ Kb7 51. Kd6 Kb6 52. Nf4 1-0

[Event "CZE-chT2E 1213"]
[Site "Czech Republic"]
[Date "2013.02.17"]
[Round "9.5"]
[White "Krejcirik, Radim"]
[Black "Stanek, Stanislav"]
[Result "1-0"]
[WhiteElo "1901"]
[BlackElo "2011"]
[PlyCount "131"]
[EventDate "2012.10.14"]
[EventType "team-tourn"]
[EventRounds "11"]
[EventCountry "CZE"]
[SourceTitle "EXT 2016"]
[Source "ChessBase"]
[SourceDate "2015.10.08"]
[SourceVersion "1"]
[SourceVersionDate "2015.10.08"]
[SourceQuality "1"]
[WhiteTeam "Napajedla"]
[BlackTeam "Brno Moravska Slavia"]
[WhiteTeamCountry "CZE"]
[BlackTeamCountry "CZE"]

1. d4 d6 2. c4 e5 3. dxe5 dxe5 4. Qxd8+ Kxd8 5. Nc3 Be6 6. Nf3 f6 7. e3 Nd7 8. Be2 Nh6 9. 0-0 c6 10. Rd1 Kc7 11. b3 Bb4 12. Bb2 Nf7 13. Rac1 Bxc3 14. Bxc3 Rad8 15. Ba5+ b6 16. Bb4 Rhe8 17. Kf1 c5 18. Bc3 Nd6 19. Nd2 Bf5 20. f3 g5 21. e4 Bg6 22. Bd3 Nf8 23. Kf2 Ne6 24. Nf1 Nf4 25. Bc2 Nc8 26. Ne3 Rxd1 27. Rxd1 Ne7 28. Ng4 Ng8 29. Ne3 Rd8 30. Nd5+ Nxd5 31. cxd5 Ne7 32. Bd3 Nc8 33. b4 cxb4 34. Bxb4 Kb7 35. Bb5 Be8 36. Bxe8 Rxe8 37. d6 a5 38. d7 Rd8 39. dxc8Q+ Rxc8 40. Be7 Rc2+ 41. Kg3 Rxa2 42. Bxf6 b5 43. Bxe5 a4 44. Bd6 Kc6 45. e5 Re2 46. Rc1+ Kb6 47. Rc8 h5 48. Rg8 a3 49. Bxa3 Rxe5 50. Bc1 h4+ 51. Kh3 b4 52. Rxg5 Re2 53. Kxh4 b3 54. Rg8 Kb5 55. Rb8+ Ka4 56. Kg3 Rc2 57. Bf4 Ka3 58. Be5 Ka2 59. h4 Re2 60. f4 Re3+ 61. Kg4 Kb1 62. h5 Kc2 63. h6 Re2 64. h7 Rxg2+ 65. Kh3 Rg1 66. Kh2 1-0

[Event "Brno op 3rd"]
[Site "Brno"]
[Date "2012.11.15"]
[Round "7"]
[White "Ingason, Sigurdur"]
[Black "Stanek, Stanislav"]
[Result "0-1"]
[WhiteElo "1883"]
[BlackElo "2011"]
[PlyCount "40"]
[EventDate "2012.11.10"]
[EventType "swiss"]
[EventRounds "9"]
[EventCountry "CZE"]
[SourceTitle "CBM 151 Extra"]
[Source "ChessBase"]
[SourceDate "2012.12.18"]
[SourceVersion "1"]
[SourceVersionDate "2012.12.18"]
[SourceQuality "1"]

1. c4 d6 2. g3 c6 3. Nc3 e5 4. Bg2 Be7 5. e3 Be6 6. b3 Nd7 7. Nge2 Ngf6 8. 0-0 Nb6 9. d4 Qc8 10. e4 Bh3 11. Be3 h5 12. c5 Bxg2 13. Kxg2 dxc5 14. dxc5 Nbd7 15. b4 h4 16. Ng1 hxg3 17. fxg3 a5 18. Na4 axb4 19. Nb6 Nxb6 20. cxb6 Ng4 0-1

[Event "Brno op 3rd"]
[Site "Brno"]
[Date "2012.11.11"]
[Round "2"]
[White "Golcman, Evgeny"]
[Black "Stanek, Stanislav"]
[Result "1-0"]
[WhiteElo "2274"]
[BlackElo "2011"]
[PlyCount "61"]
[EventDate "2012.11.10"]
[EventType "swiss"]
[EventRounds "9"]
[EventCountry "CZE"]
[SourceTitle "CBM 151 Extra"]
[Source "ChessBase"]
[SourceDate "2012.12.18"]
[SourceVersion "1"]
[SourceVersionDate "2012.12.18"]
[SourceQuality "1"]

1. c4 d6 2. d4 e5 3. Nf3 Nc6 4. Nc3 Bg4 5. d5 Nce7 6. h3 Bxf3 7. exf3 Ng6 8. c5 Be7 9. Qb3 Qc8 10. cxd6 Bxd6 11. Bb5+ Ke7 12. h4 h6 13. Bd2 Nf6 14. Rb1 Rd8 15. Bd3 Nf8 16. g4 Ne8 17. Ne4 f6 18. Ng3 Nd7 19. Bf5 Qb8 20. g5 hxg5 21. hxg5 Nf8 22. Be6 g6 23. gxf6+ Nxf6 24. Bg5 Nxe6 25. dxe6 Rf8 26. Ne4 Qd8 27. Rh7+ Ke8 28. Rf7 Be7 29. Bxf6 Rxf7 30. exf7+ Kf8 31. Ng5 1-0